[Event "Satka Autumn op (Women)"]
[Site "Satka"]
[Date "2021.09.05"]
[Round "6"]
[White "Salimova, Dinara"]
[Black "Stroganova, Karina"]
[Result "1/2-1/2"]
[WhiteElo "1473"]
[BlackElo "1797"]
[PlyCount "230"]
[EventDate "2021.08.31"]
[EventType "swiss"]
[EventRounds "9"]
[EventCountry "RUS"]
[SourceTitle "CBM 204 Extra"]
[Source "ChessBase"]
[SourceDate "2021.11.30"]
[SourceVersion "1"]
[SourceVersionDate "2021.11.30"]
[SourceQuality "1"]

1. d4 d5 2. c4 Bf5 3. cxd5 Bxb1 4. Qa4+ c6 5. dxc6 Nxc6 6. Rxb1 e5 7. Bd2 Qxd4 8. Qxd4 Nxd4 9. Rc1 Nc6 10. e3 a6 11. Bc4 Nf6 12. Nf3 Bd6 13. 0-0 0-0 14. Rfd1 h6 15. a3 Rfd8 16. b4 e4 17. Nd4 Ne5 18. Be2 b5 19. Bc3 Nc4 20. Bxc4 bxc4 21. Nc6 Rd7 22. Bxf6 gxf6 23. Rd4 Rc8 24. Rdxc4 Kg7 25. g3 Re8 26. Nd4 Kg6 27. Rc6 Ra8 28. Nb3 Bf8 29. Nc5 Bxc5 30. R6xc5 Rd3 31. R5c3 a5 32. b5 a4 33. Kf1 Rad8 34. b6 Rxc3 35. Rxc3 Rd1+ 36. Ke2 Rb1 37. Rc4 Rxb6 38. Rxa4 Rb2+ 39. Kf1 f5 40. Kg2 Ra2 41. Ra6+ Kg7 42. a4 Ra3 43. h3 h5 44. a5 Ra2 45. Ra8 Kh7 46. a6 Kg7 47. a7 Kh7 48. Kf1 Kg7 49. Ke1 Kh7 50. Kd1 Kg7 51. Kc1 Kh7 52. Kb1 Ra6 53. Kb2 Kg7 54. Kc3 Ra1 55. Kd4 Ra5 56. Kc4 Kf6 57. Kb4 Ra1 58. Kb5 Rb1+ 59. Kc6 Rc1+ 60. Kd7 Rd1+ 61. Ke8 Ra1 62. Kf8 Ra2 63. Kg8 Kg6 64. Kh8 Kf6 65. Kh7 Ra6 66. Kh6 Ra4 67. Kxh5 Kg7 68. Kg5 Ra5 69. g4 fxg4+ 70. Kxg4 Kh7 71. Kf4 Ra4 72. h4 Kg7 73. Re8 Rxa7 74. Rxe4 Ra2 75. f3 Kg6 76. Re5 f6 77. Rb5 Rh2 78. Kg3 Rh1 79. e4 Rg1+ 80. Kh2 Ra1 81. h5+ Kg7 82. Rf5 Ra6 83. Kg3 Rb6 84. Kf4 Ra6 85. Kg3 Ra3 86. e5 fxe5 87. Rxe5 Kh6 88. Kg4 Ra1 89. Re6+ Kh7 90. Kg5 Rg1+ 91. Kf4 Rh1 92. h6 Ra1 93. Kg5 Ra5+ 94. Kg4 Ra4+ 95. f4 Rb4 96. Kg5 Rb1 97. Re7+ Kh8 98. f5 Rg1+ 99. Kf6 Rh1 100. h7 Rf1 101. Re8+ Kxh7 102. Re5 Ra1 103. Kf7 Ra7+ 104. Re7 Ra8 105. f6 Rb8 106. Re8 Rb6 107. Re7 Rb8 108. Rc7 Ra8 109. Re7 Kh6 110. Re8 Ra6 111. Rf8 Ra7+ 112. Kg8 Kg6 113. f7 Rb7 114. Ra8 Rxf7 115. Ra6+ Rf6 1/2-1/2

[Event "Satka Autumn op (Women)"]
[Site "Satka"]
[Date "2021.09.03"]
[Round "4"]
[White "Salimova, Dinara"]
[Black "Sazonova, Elena"]
[Result "0-1"]
[WhiteElo "1473"]
[BlackElo "2153"]
[PlyCount "138"]
[EventDate "2021.08.31"]
[EventType "swiss"]
[EventRounds "9"]
[EventCountry "RUS"]
[SourceTitle "CBM 204 Extra"]
[Source "ChessBase"]
[SourceDate "2021.11.30"]
[SourceVersion "1"]
[SourceVersionDate "2021.11.30"]
[SourceQuality "1"]

1. d4 Nf6 2. c4 g6 3. Nc3 Bg7 4. e4 d6 5. f3 0-0 6. Be3 e5 7. d5 c6 8. Qd2 cxd5 9. cxd5 Nfd7 10. g4 a5 11. Nge2 Na6 12. Ng3 Ndc5 13. h4 Nb4 14. Bxc5 dxc5 15. a3 Na6 16. h5 Nc7 17. Qh2 h6 18. 0-0-0 Qd6 19. g5 hxg5 20. h6 Bf6 21. h7+ Kh8 22. Nb5 Nxb5 23. Bxb5 Bg7 24. Rdg1 Bd7 25. Bxd7 Qxd7 26. Ne2 f6 27. Qh3 Qxh3 28. Rxh3 b5 29. Nc3 Rab8 30. Kc2 Rfd8 31. Rd1 Bf8 32. a4 bxa4 33. Nxa4 c4 34. Rh2 Bd6 35. Nc3 Rd7 36. Ra1 Bb4 37. Rah1 Rbb7 38. Rd1 Rxh7 39. Rxh7+ Kxh7 40. d6 Rd7 41. Nb5 Kg7 42. b3 c3 43. Rd5 Kh6 44. Rd1 g4 45. fxg4 Kg5 46. Rf1 Rd8 47. Rf3 Bxd6 48. Nxc3 Rc8 49. Kd3 Rc6 50. Nd5 Ba3 51. Rg3 Bc1 52. Rg1 Bb2 53. Rg2 Bd4 54. Kd2 Kh4 55. Ne7 Rb6 56. Nxg6+ Kh3 57. Re2 Rxb3 58. Kc1 Kxg4 59. Ra2 Kf3 60. Rxa5 Kxe4 61. Ra2 Rg3 62. Ne7 Rg1+ 63. Kc2 Rg2+ 64. Kb3 Rxa2 65. Kxa2 f5 66. Ng6 f4 67. Nh4 f3 68. Kb3 f2 69. Nf3 Kxf3 0-1

[Event "Satka Autumn op (Women)"]
[Site "Satka"]
[Date "2021.08.31"]
[Round "1"]
[White "Smirnova, Ekaterina"]
[Black "Salimova, Dinara"]
[Result "1-0"]
[WhiteElo "2227"]
[BlackElo "1473"]
[PlyCount "127"]
[EventDate "2021.08.31"]
[EventType "swiss"]
[EventRounds "9"]
[EventCountry "RUS"]
[SourceTitle "CBM 204 Extra"]
[Source "ChessBase"]
[SourceDate "2021.11.30"]
[SourceVersion "1"]
[SourceVersionDate "2021.11.30"]
[SourceQuality "1"]

1. d4 Nf6 2. c4 e6 3. Nf3 d5 4. Nc3 Be7 5. Bf4 0-0 6. e3 b6 7. Rc1 Bb7 8. cxd5 exd5 9. Bd3 c5 10. 0-0 a6 11. dxc5 bxc5 12. Qb3 Bc6 13. Bb1 Nbd7 14. Rfd1 c4 15. Qc2 g6 16. Qe2 Re8 17. Ne5 Bb7 18. h3 Bb4 19. Nxd7 Qxd7 20. Bg5 Bxc3 21. bxc3 Qe6 22. Bxf6 Qxf6 23. Qd2 Rad8 24. Qd4 Kg7 25. Bc2 Qxd4 26. Rxd4 f5 27. Rb1 Re7 28. Rb6 Kf7 29. Rd1 Rdd7 30. Rdb1 Rc7 31. Bd1 Red7 32. Bf3 Kg7 33. h4 h5 34. Kh2 Re7 35. Kg3 Kh6 36. Kf4 Rcd7 37. Rf6 Rf7 38. Rxf7 Rxf7 39. Ke5 Rd7 40. Rb6 Re7+ 41. Kd4 Rd7 42. g3 Kg7 43. a3 Kh6 44. a4 Kg7 45. a5 Kh6 46. Re6 Kg7 47. Re5 Bc6 48. Bxd5 Bb5 49. Re6 Rc7 50. Rb6 Kh6 51. e4 fxe4 52. Bxe4 Rd7+ 53. Kc5 Rc7+ 54. Kb4 Rg7 55. f3 Rg8 56. Rxb5 axb5 57. a6 Rg7 58. Bb7 g5 59. hxg5+ Kxg5 60. a7 Rxb7 61. a8Q Rf7 62. Qg8+ Kf6 63. Kxb5 Rc7 64. Qd8+ 1-0